Pokémon Generation 5 (#494-#649) - Statistics

General Stats
  • This quiz has been taken 141 times
  • The average score is 99 of 155
Answer Stats
#494 Psychic/Fire Victini % Correct
#502 Water Dewott
93%
#501 Water Oshawott
93%
#499 Fire/Fighting Pignite
93%
#495 Grass Snivy
93%
#498 Fire Tepig
93%
#500 Fire/Fighting Emboar
89%
#610 Dragon Axew
86%
#519 Normal/Flying Pidove
86%
#503 Water Samurott
86%
#496 Grass Servine
86%
#511 Grass Pansage
82%
#504 Normal Patrat
82%
#497 Grass Serperior
82%
#612 Dragon Haxorus
79%
#515 Water Panpour
79%
#643 Dragon/Fire Reshiram
79%
#520 Normal/Flying Tranquill
79%
#521 Normal/Flying Unfezant
79%
#505 Normal Watchog
79%
#644 Dragon/Electric Zekrom
79%
#525 Rock Boldore
75%
#633 Dark/Dragon Deino
75%
#611 Dragon Fraxure
75%
#649 Bug/Steel Genesect
75%
#526 Rock Gigalith
75%
#507 Normal Herdier
75%
#542 Bug/Grass Leavanny
75%
#506 Normal Lillipup
75%
#607 Ghost/Fire Litwick
75%
#513 Fire Pansear
75%
#551 Ground/Dark Sandile
75%
#516 Water Simipour
75%
#512 Grass Simisage
75%
#567 Rock/Flying Archeops
71%
#638 Steel/Fighting Cobalion
71%
#534 Fighting Conkeldurr
71%
#587 Electric/Flying Emolga
71%
#552 Ground/Dark Krokorok
71%
#553 Ground/Dark Krookodile
71%
#646 Dragon/Ice Kyurem
71%
#536 Water/Ground Palpitoad
71%
#524 Rock Roggenrola
71%
#539 Fighting Sawk
71%
#514 Fire Simisear
71%
#508 Normal Stoutland
71%
#602 Electric Tynamo
71%
#582 Ice Vanillite
71%
#640 Grass/Fighting Virizion
71%
#637 Bug/Fire Volcarona
71%
#614 Ice Beartic
68%
#609 Ghost/Fire Chandelure
68%
#554 Fire Darumaka
68%
#636 Bug/Fire Larvesta
68%
#518 Psychic Musharna
68%
#532 Fighting Timburr
68%
#583 Ice Vanillish
68%
#523 Electric Zebstrika
68%
#566 Rock/Flying Archen
64%
#558 Bug/Rock Crustle
64%
#621 Dragon Druddigon
64%
#578 Psychic Duosion
64%
#574 Psychic Gothita
64%
#576 Psychic Gothitelle
64%
#533 Fighting Gurdurr
64%
#635 Dark/Dragon Hydreigon
64%
#647 Water/Fighting Keldeo
64%
#608 Ghost/Fire Lampent
64%
#645 Ground/Flying Landorus
64%
#648 Normal/Psychic Meloetta
64%
#517 Psychic Munna
64%
#579 Psychic Reuniclus
64%
#560 Dark/Fighting Scrafty
64%
#559 Dark/Fighting Scraggy
64%
#537 Water/Ground Seismitoad
64%
#577 Psychic Solosis
64%
#541 Bug/Grass Swadloon
64%
#639 Rock/Fighting Terrakion
64%
#641 Flying Tornadus
64%
#535 Water Tympole
64%
#584 Ice Vanilluxe
64%
#543 Bug/Poison Venipede
64%
#527 Psychic/Flying Woobat
64%
#562 Ghost Yamask
64%
#522 Electric Blitzle
61%
#613 Ice Cubchoo
61%
#555 Fire Darmanitan
61%
#529 Ground Drilbur
61%
#557 Bug/Rock Dwebble
61%
#604 Electric Eelektross
61%
#530 Ground/Steel Excadrill
61%
#592 Water/Ghost Frillish
61%
#595 Bug/Electric Joltik
61%
#588 Bug Karrablast
61%
#509 Dark Purrloin
61%
#581 Water/Flying Swanna
61%
#528 Psychic/Flying Swoobat
61%
#538 Fighting Throh
61%
#642 Electric/Flying Thundurus
61%
#544 Bug/Poison Whirlipede
61%
#634 Dark/Dragon Zweilous
61%
#531 Normal Audino
57%
#565 Water/Rock Carracosta
57%
#563 Ghost Cofagrigus
57%
#615 Ice Cryogonal
57%
#585 Normal/Grass Deerling
57%
#580 Water/Flying Ducklett
57%
#589 Bug/Steel Escavalier
57%
#575 Psychic Gothorita
57%
#600 Steel Klang
57%
#599 Steel Klink
57%
#510 Dark Liepard
57%
#545 Bug/Poison Scolipede
57%
#540 Bug/Grass Sewaddle
57%
#561 Psychic/Flying Sigilyph
57%
#618 Ground/Electric Stunfisk
57%
#564 Water/Rock Tirtouga
57%
#546 Grass/Fairy Cottonee
54%
#632 Bug/Steel Durant
54%
#597 Grass/Steel Ferroseed
54%
#622 Ground/Ghost Golett
54%
#631 Fire Heatmor
54%
#593 Water/Ghost Jellicent
54%
#601 Steel Klinklang
54%
#549 Grass Lilligant
54%
#548 Grass Petilil
54%
#586 Normal/Grass Sawsbuck
54%
#568 Poison Trubbish
54%
#547 Grass/Fairy Whimsicott
54%
#550 Water Basculin
50%
#625 Dark/Steel Bisharp
50%
#628 Normal/Flying Braviary
50%
#598 Grass/Steel Ferrothorn
50%
#590 Grass/Poison Foongus
50%
#596 Bug/Electric Galvantula
50%
#569 Poison Garbodor
50%
#623 Ground/Ghost Golurk
50%
#630 Dark/Flying Mandibuzz
50%
#627 Normal/Flying Rufflet
50%
#571 Dark Zoroark
50%
#570 Dark Zorua
50%
#617 Bug Accelgor
46%
#606 Psychic Beheeyem
46%
#573 Normal Cinccino
46%
#603 Electric Eelektrik
46%
#605 Psychic Elgyem
46%
#556 Grass Maractus
46%
#619 Fighting Mienfoo
46%
#620 Fighting Mienshao
46%
#572 Normal Minccino
46%
#624 Dark/Steel Pawniard
46%
#616 Bug Shelmet
46%
#629 Dark/Flying Vullaby
46%
#591 Grass/Poison Amoonguss
43%
#626 Normal Bouffalant
39%
#594 Water Alomomola
32%
No matching quizzes found
Score Distribution
Percent of People with Each Score
Percentile by Number Answered
Your Score History
You have not taken this quiz